00423nam a2200097Ia 4500008004100000040002900041050003100070100002500101245016500126260003400291230222s9999||||xx |||||||||||||| ||und|| cChuka University Library aBSL THE HG 4028 bR58 2015 aRiungu, Casty Kageni 0aRelationship between cash management practices and performance of agency banking firms: A case of commercial bank agency firms in Imenti-South Sub-county, Kenya aChuka UniversitybChukac2015